Library Banner
Normal view MARC view

Entry Personal Name

Number of records used in: 2

001 - CONTROL NUMBER

  • control field: 2500

003 - CONTROL NUMBER IDENTIFIER

  • control field: PK-LaUMT

005 - DATE AND TIME OF LATEST TRANSACTION

  • control field: 20241003112753.0

008 - FIXED-LENGTH DATA ELEMENTS

  • fixed length control field: 241003|| aca||aabn | a|a d

040 ## - CATALOGING SOURCE

  • Original cataloging agency: PK-LaUMT
  • Transcribing agency: PK-LaUMT

100 ## - HEADING--PERSONAL NAME

  • Personal name: Trudeau , Kevin

670 ## - SOURCE DATA FOUND

  • Source citation: Work cat.: (PK-LaUMT)89691: Trudeau , Kevin, The weight loss cure "They" don't want you to know about/, 2007